000 02269nam0a2200349 4500
001 RU\NLR\bibl\1369842
005 20260419063242.0
010 _a5-98821-023-8
_9300
021 _aRU
_b2009-21555
_91274
035 _a(NLR Aleph) 001361976
090 _a986962
_c986962
100 _a20090518d2008 |||y0rusy50 ca
101 0 _arus
102 _aRU
105 _ay |||||||||
200 1 _aXVI Всероссийская научно-практическая конференция "Значение Победы под Сталинградом в современном аспекте воспитания", 21-23 апреля 2008 года
_e[сборник научных статей]
210 _aВолгоград
_cЛицей
_d2008
215 _a207 с.
_d21
300 _aНа обл.: Значение Победы под Сталинградом в современном аспекте воспитания: XVI Всероссийская научно-практическая конференция
300 _aВ надзаг.: Волгогр. гос. пед. ун-т, Волгогр. муж. пед. лицей
320 _aБиблиогр. в конце ст.
512 1 _aЗначение Победы под Сталинградом в современном аспекте воспитания
_eXVI Всероссийская научно-практическая конференция
606 _aУчащиеся
_xВоспитание гражданственности
_jСъезды, совещания и т.п.
_3RU\NLR\auth\661494794
_92522746
606 1 _aУчащиеся
_jСъезды, совещания и т.п.
_xПатриотическое воспитание
_yРоссийская Федерация
_92532184
_3RU\NLR\auth\661499801
686 _aЧ313.521.3я431
686 _aЦ4,6(2Р)915я431
710 1 2 _a"Значение Победы под Сталинградом в современном аспекте воспитания", всероссийская научно-практическая конференция
_d16
_f2008
_eВолгоград
_3RU\NLR\AUTH\8810133804
_9763763
801 0 _aRU
_bNLR
_c20090518
_gRCR
801 1 _aRU
_bNLR
_c20090518
942 _cBOOK
980 _aNB